Statistiques concernant Villes suisses en allemand

Cliquez ici pour prendre le quiz!

Statistiques générales

  • Ce quiz a été pris 213 fois
  • Le résultat moyen est 11 sur 14

Statistiques - réponses

Ville en françaisEt en allemand% Correct
BerneBern
99%
BâleBasel
95%
FribourgFreiburg
92%
LucerneLuzern
91%
ZougZug
90%
ThouneThun
86%
GenéveGenf
85%
WinterthourWinterthur
79%
Saint-GallSt.Gallen
75%
BienneBiel
72%
SchaffhouseSchaffhausen
70%
CoireChur
69%
NeuchâtelNeuenburg
49%
SionSitten
38%

Distribution des résultats

Percentile par nombre de réponses

% des personnes avec chaque résultat

Votre développement - résultats

Vous n’avez pas pris ce quiz